Statistics for Henry Winkler Filmography

Click here to take the quiz!

General Stats

  • This quiz has been taken 11 times
    (4 since last reset)
  • The average score is 11 of 202

Answer Stats

TypeYearName% Correct
TV Show2018-2023Barry
75%
TV Show2023Family Guy
75%
TV Show1974-1984Happy Days
75%
TV Show1999The Simpsons
75%
TV Show2019American Dad!
50%
TV Show2003-2019Arrested Development
50%
Film2006Click
50%
TV Show1990MacGyver
50%
TV Show2013-2015Parks and Recreation
50%
TV Show1998South Park
50%
Web Series2015BoJack Horseman
25%
Film2012Here Comes the Boom
25%
Film2003Holes
25%
TV Show2004King of the Hill
25%
TV Show2002Law & Order: Special Victims Unit
25%
TV Show1979Mork & Mindy
25%
TV Show1982Mork & Mindy/Laverne & Shirley/Fonz Hour
25%
Film1982Night Shift
25%
Film1999P.U.N.K.S.
25%
TV Show2012, 2015, 2022Robot Chicken
25%
TV Show1977Saturday Night Live
25%
Film2020Scoob!
25%
TV Show2016SpongeBob SquarePants
25%
Award Show1979The 31st Annual Primetime Emmy Awards
25%
Film2021The French Dispatch
25%
TV Show1973The Mary Tyler Moore Show
25%
TV Film2008The Most Wonderful Time of the Year
25%
Film1998The Waterboy
25%
Film2008You Don't Mess with the Zohan
25%
TV Show20131600 Penn
0%
Theater197342 Seconds from Broadway
0%
TV Film1991Absolute Strangers
0%
TV Film1995A Child Is Missing
0%
Film2011Adventures of Serial Buddies
0%
TV Film1985A Girl Named Alida
0%
Short Film2020Ajax All Powerful
0%
TV Film1989Alida's Problem?
0%
Web Series2014-2017All Hail King Julien
0%
Web Series2017All Hail King Julien: Exiled
0%
Film2017All I Want for Christmas Is You
0%
TV Special1976America Salutes Richard Rodgers: The Sound of His Music
0%
TV Show2022America's Got Talent
0%
TV Film1979An American Christmas Carol
0%
TV Show1972Another World
0%
Film2007A Plumm Summer
0%
Web Series2020Archibald's Next Big Thing
0%
Film1989Asterix and the Big Fight
0%
TV Show2011Batman: The Brave and the Bold
0%
TV Show2000Battery Park
0%
Documentary2011Beatles Stories: A Fab Four Fan's Ultimate Road Trip
0%
Film2005Berekeley
0%
TV Show2016-2018Better Late Than Never
0%
TV Film2004Beverly Hills S.U.V.
0%
TV Show2001Big Apple
0%
Film2022Black Adam
0%
TV Show2003Blue's Clues
0%
TV Show2015Bob's Burgers
0%
TV Show2020Bubble Guppies
0%
TV Show1984CBS Schoolbreak Special
0%
Web Series2021Central Park
0%
TV ShowTBAChanshi
0%
TV Show2010-2016Childrens Hospital
0%
TV Show2003-2005Clifford's Puppy Days
0%
TV Show2003Clifford the Big Red Dog
0%
Web Series2022Close Enough
0%
TV Show2015Comedy Bang! Bang!
0%
Theater1968Coriolanus
0%
Film1974Crazy Joe
0%
TV Show2005Crossing Jordan
0%
TV Film1997Dad's Week Off
0%
TV Show2011Dan Vs.
0%
TV Show1997, 1998Dead Man's Gun
0%
TV Film1997Detention: The Siege at Johnson High
0%
Film1999Dill Scallion
0%
Short Film2014Dissonance
0%
TV Special1984Donald Duck's 50th Birthday
0%
Film2016Donald Trump's The Art of the Deal: The Movie
0%
Film2000Down to You
0%
TV Show2015Drunk History
0%
TV Show2005Duck Dodgers
0%
TV Show2021DuckTales
0%
Film1999Elevator Seeking
0%
Podcast2020Escape from Virtual Island
0%
Film2021Extinct
0%
Web Series2021Fairfax
0%
Film2022Family Squares
0%
TV Show1974Friends and Lovers
0%
Film2004Fronterz
0%
TV Show2004-2005Good Day Live
0%
Film1998Ground Control
0%
Film2010Group Sex
0%
TV Show2019Guardians of the Galaxy
0%
TV Show2012Handy Manny
0%
TV Show2014-2016Hank Zipzer
0%
TV Film2016Hank Zipzer's Christmas Catastrophe
0%
TV Film1985Happily Ever After
0%
TV Special2005Happy Days: 30th Anniversary Reunion
0%
TV Special1992Happy Days: The Reunion
0%
Film1977Heroes
0%
TV Show2010-2013Hero Factory
0%
TV Show2010Hillers
0%
Documentary Series2021History of the Sitcom
0%
TV Show2014Hollywood Game Night
0%
Web Series2022, 2023Human Resources
0%
Film2007I Could Never Be Your Woman
0%
Theater1983Incident at Vichy
0%
Web Series2021Inside Job
0%
Film2001I Shaved My Legs for This
0%
TV Show1989It's Garry Shandling's Show
0%
TV Show1982Joanie Loves Chachi
0%
TV Film1975Katherine
0%
Film2015Larry Gaye: Renegade Male Flight Attendant
0%
TV Show1976, 1979Laverne & Shirley
0%
TV Film2010Lego Hero Factory: Rise of the Rookies
0%
Film2011Lego Hero Factory: Savage Planet
0%
Film2000Little Nicky
0%
Theater1971Macbeth
0%
TV Show2013Mad
0%
Web Series2020Medical Police
0%
TV Film2008Merry Christmas, Drake & Josh
0%
Web Series2021Monsters at Work
0%
TV Show1994Monty
0%
Short Film2003My Sister's Keeper
0%
Documentary Series2006Nature
0%
TV Show2016New Girl
0%
TV Show2013Newsreaders
0%
TV Film1974Nightmare
0%
TV Show2008, 2009Numbers
0%
TV Show2007Odd Job Jack
0%
TV Film1994One Christmas
0%
Commercial2010-2015One Reverse Mortgage
0%
Film2021On the Count of Three
0%
TV Show2005-2006Out of Practice
0%
TV Show2002Ozzy & Drix
0%
TV Show1974Paul Sand in Friends and Lovers
0%
TV Show2014, 2017Penn Zero: Part-Time Hero
0%
Theater2006-2007Peter Pan
0%
Film2020Pink Skies Ahead
0%
TV Show1982Powerhouse
0%
Short Film2016Prism
0%
TV Show2017-2022Puppy Dog Pals
0%
TV Film2022Reindeer in Here
0%
TV Show1974Rhoda
0%
Short Film2008Ron Howard's Call to Action
0%
Theater1976Room Service
0%
TV Show2010-2016Royal Pains
0%
Web Series2021-2023Rugrats
0%
Film2011Running Mates
0%
Film2017Sandy Wexler
0%
Music Video2017Santa's Coming for Us
0%
TV Show1978Schoolhouse Rock!
0%
Film1996 | 2022Scream
0%
TV Show1979, 1980, 1983Sesame Street
0%
Film2021Shoot the Rooster
0%
TV Show2009Sit Down, Shut Up
0%
TV Film2003Smart and Sober
0%
TV Show1999So Weird
0%
Theater1970Story Theatre Repertory: Gimpel the Fool
0%
Theater1970Story Theatre Repertory: Julian the Hospitaler
0%
Theater1970Story Theatre Repertory: Olympian Games
0%
TV Show2008-2009Strictly Come Dancing
0%
Short Documentary1984Strong Kids, Safe Kids
0%
Commercial1988Taco Bell
0%
TV Show2021Teen Titans Go!
0%
Theater1969The American Pig
0%
Theater1969The Bacchae
0%
TV Show1974The Bob Newhart Show
0%
Short Film2011The Dining
0%
Theater2000-2001The Dinner Party
0%
TV Show2001The Drew Carey Show
0%
TV Show1980-1982The Fonz and the Happy Days Gang
0%
Theater1970The Government Inspector
0%
Film2005The Kid & I
0%
Short Film2006The King of Central Park
0%
TV Show1995The Larry Sanders Show
0%
Web Series2023The Legend of Vox Machina
0%
Theater1971, 1972The Little Mahogany & Seven Deadly Sins
0%
Film1974The Lords of Flatbush
0%
TV Show1978The Magical World of Disney
0%
TV Show1974-1979The Mike Douglas Show
0%
Film1978The One and Only
0%
TV Film1993The Only Way Out
0%
Theater2012The Performers
0%
TV Show1999, 2000The Practice
0%
Theater1970The Revenger's Tragedy
0%
TV Film2014The Winklers
0%
Theater1968The Yale Plays
0%
TV Show2004Third Watch
0%
Theater1970Transformations
0%
TV Film1989Two Daddies?
0%
Short Film1999Ugly Naked People
0%
Film2006Unbeatable Harold
0%
TV Show2015Uncle Grandpa
0%
TV Show2012Up All Night
0%
TV Show2019, 2021Vampirina
0%
TV Show2019Welcome to the Wayne
0%
Theater1971Where Has Tommy Flowers Gone?
0%
TV Documentary1977Who Are the DeBolts? And Where Did They Get Nineteen Kids?
0%
Music Video2007Wow, I Can Get Sexual Too
0%
Theater1971Woyzeck and Play
0%
TV Show2016You Are Nothing
0%

Score Distribution

Percentile by Number Answered

Percent of People with Each Score

Your Score History

You have not taken this quiz since the last reset